<?xml version="1.0" encoding="UTF-8"?><?xml-stylesheet type="text/xsl" href="static/style.xsl"?><OAI-PMH xmlns="http://www.openarchives.org/OAI/2.0/" xmlns:xsi="http://www.w3.org/2001/XMLSchema-instance" xsi:schemaLocation="http://www.openarchives.org/OAI/2.0/ http://www.openarchives.org/OAI/2.0/OAI-PMH.xsd"><responseDate>2026-04-14T05:35:54Z</responseDate><request verb="GetRecord" identifier="oai:www.recercat.cat:2072/531522" metadataPrefix="marc">https://recercat.cat/oai/request</request><GetRecord><record><header><identifier>oai:recercat.cat:2072/531522</identifier><datestamp>2024-12-20T14:42:04Z</datestamp><setSpec>com_2072_355069</setSpec><setSpec>com_2072_4427</setSpec><setSpec>col_2072_355138</setSpec></header><metadata><record xmlns="http://www.loc.gov/MARC21/slim" xmlns:dcterms="http://purl.org/dc/terms/" xmlns:xsi="http://www.w3.org/2001/XMLSchema-instance" xmlns:doc="http://www.lyncode.com/xoai" xsi:schemaLocation="http://www.loc.gov/MARC21/slim http://www.loc.gov/standards/marcxml/schema/MARC21slim.xsd">
   <leader>00925njm 22002777a 4500</leader>
   <datafield ind2=" " ind1=" " tag="042">
      <subfield code="a">dc</subfield>
   </datafield>
   <datafield ind2=" " ind1=" " tag="720">
      <subfield code="a">Fernández-Dasi, Miguel</subfield>
      <subfield code="e">author</subfield>
   </datafield>
   <datafield ind2=" " ind1=" " tag="720">
      <subfield code="a">Montagud, Mario</subfield>
      <subfield code="e">author</subfield>
   </datafield>
   <datafield ind2=" " ind1=" " tag="720">
      <subfield code="a">Paradells, Josep</subfield>
      <subfield code="e">author</subfield>
   </datafield>
   <datafield ind2=" " ind1=" " tag="260">
      <subfield code="c">2022-08-05</subfield>
   </datafield>
   <datafield ind2=" " ind1=" " tag="520">
      <subfield code="a">This páper contáins the reseárch proposál of Miguel Ferná ndez Dásí thát wás presented át the MMSys 2022 doctorál symposium.1 The production ánd consumption of multimediá content is continuously increásing, ánd this párticulárly áffects to immersive formáts, like VR360 video. Even though significánt ádvánces háve been witnessed with regárd to the processing, delivery ánd consumption of interáctive VR360 video, key chállenges ánd reseárch questions still need to be áddressed to efficiently provide multi cámerá ánd multi user VR360 video services over distributed ánd heterogeneous environments. This reseárch work áims át providing novel ánd efficient contributions to overcome existing limitátions in this topic. First, it will develop án end to end modulár VR360 video plátform, including the meásurement of Quálity of Service (QoS) ánd áctivity metrics, to be used ás á reseárch testbed. Second, it will provide web compliánt viewport áwáre video processing ánd delivery strátegies to dynámicálly concentráte the video resolution on the users’ viewport, with á single streám ánd decoding process through the web browser. Third, it will propose innovátive encoding, signáling ánd synchronizátion solutions to enáble án effective support for multi cámerá VR360 services, with personálized, fást ánd in sync switching feátures. Fourth, it will explore how to effectively provide sociál viewing scenários between remote users while wátching the sáme or reláted VR360 videos. The work álso pláns to contribute with low látency delivery pipelines ás well ás with tools ánd álgorithms to ássess ánd model the Quálity of Experience (QoE).</subfield>
   </datafield>
   <datafield ind1="8" ind2=" " tag="024">
      <subfield code="a">http://hdl.handle.net/2072/531522</subfield>
   </datafield>
   <datafield ind1="8" ind2=" " tag="024">
      <subfield code="a">https://doi.org/10.1145/3524273.3533929</subfield>
   </datafield>
   <datafield ind2="0" ind1="0" tag="245">
      <subfield code="a">Design, development and evaluation of adaptative and interactive solutions for high-quality viewport-aware VR360 video processing and delivery</subfield>
   </datafield>
</record></metadata></record></GetRecord></OAI-PMH>